| 000 | 01107cam a22003257a 4500 | ||
|---|---|---|---|
| 003 | CHAP | ||
| 005 | 20220329135026.0 | ||
| 008 | 971013s1980 r 00010 d | ||
| 010 | _a29741 | ||
| 011 | _a30713 | ||
| 035 | _a34825 | ||
| 040 | _cCHAP | ||
| 090 | _aFolleto 10465y | ||
| 100 | 0 | 0 |
_aLewis, W. Arthur. _966546 |
| 245 | 1 | 0 | _aEvolución del orden económico internacional |
| 260 |
_aMéxico : _bEl Colegio de México. Centro de Estudios Económicos y Demográficos, _c1980 |
||
| 300 | _a91 p. | ||
| 490 | 0 |
_aJornadas _v; 92 |
|
| 590 |
_aBATCH-UPD _b10 _c20130110 _lUCH01 _h1732 |
||
| 590 |
_aBATCH-UPD _b10 _c20130410 _lUCH01 _h1113 |
||
| 590 |
_aBATCH-UPD _b10 _c20130914 _lUCH01 _h1857 |
||
| 590 |
_aCONVERSION _b10 _c20130109 _lUCH01 _h1317 |
||
| 650 | 1 | 4 |
_aPaíses subdesarrollados _xCondiciones económicas. _985152 |
| 650 | 1 | 4 |
_aRelaciones económicas internacionales. _995813 |
| 830 | 0 |
_aJornadas _v; 92 _962138 |
|
| 901 | _aBK | ||
| 942 | _cFOLL | ||
| 949 |
_aFolleto 10465y _bBC _cFOLL _d-80470 _eTS1 _gI.c/e _i34825 _si |
||
| 949 |
_aFolleto 10465y _bBC _cFOLL _d-80471 _eTS2 _fc.2 _gI.c/e _i34825 _si |
||
| 999 |
_c29741 _d29741 |
||